[Event "FRA-ch U20 Girls"]
[Site "Troyes"]
[Date "2010.04.16"]
[Round "6"]
[White "Bartolo, Alexia"]
[Black "Mallard, Ophelie"]
[Result "0-1"]
[WhiteElo "1553"]
[BlackElo "1670"]
[PlyCount "68"]
[EventDate "2010.04.11"]
[EventType "swiss"]
[EventRounds "9"]
[EventCountry "FRA"]
[SourceTitle "EXT 2012"]
[Source "ChessBase"]
[SourceDate "2011.11.24"]
[SourceVersion "1"]
[SourceVersionDate "2011.11.24"]
[SourceQuality "1"]

1. e4 e6 2. d4 d5 3. e5 c5 4. c3 Nc6 5. Nf3 Bd7 6. Bd3 Qc7 7. 0-0 f6 8. exf6 Nxf6 9. dxc5 Bxc5 10. Re1 0-0 11. Be3 Bd6 12. h3 e5 13. Bc2 e4 14. Nd4 Nxd4 15. Bxd4 Rae8 16. Bxf6 Rxf6 17. Qxd5+ Kh8 18. Rxe4 Ref8 19. Re2 Bc6 20. Qd3 Rg6 21. g4 Rh6 22. Re6 Bh2+ 23. Kf1 Bb5 24. Qxb5 Rxe6 25. Qd3 g6 26. Nd2 Qf4 27. f3 Rd6 28. Qe4 Rxd2 29. Qxf4 Rxf4 30. Be4 Rxb2 31. a4 Rf7 32. c4 Rc7 33. Bd5 Bf4 34. a5 Rh2 0-1

[Event "FRA-ch U18 Girls"]
[Site "Le Grand Bornand"]
[Date "2007.04.14"]
[Round "8"]
[White "Mallard, Ophelie"]
[Black "Revidon, Laetitia"]
[Result "0-1"]
[WhiteElo "1610"]
[BlackElo "1774"]
[PlyCount "52"]
[EventDate "2007.04.07"]
[EventType "swiss"]
[EventRounds "9"]
[EventCountry "FRA"]
[SourceTitle "CBM 118 Extra"]
[Source "ChessBase"]
[SourceDate "2007.07.04"]
[SourceVersion "1"]
[SourceVersionDate "2007.07.04"]
[SourceQuality "1"]

1. d4 d5 2. c4 e6 3. Nc3 Nf6 4. Nf3 Be7 5. Bg5 Nbd7 6. e3 0-0 7. Qc2 c6 8. h4 Re8 9. 0-0-0 h6 10. Bxf6 Nxf6 11. Ne5 Nd7 12. Nf3 Nf6 13. Kb1 Ng4 14. e4 dxe4 15. Nxe4 Qa5 16. Ne1 e5 17. Be2 exd4 18. Rxd4 Bc5 19. Nxc5 Nxf2 20. Rf1 Bf5 21. Qxf5 Rxe2 22. Ned3 Qd2 23. Rd7 Qc2+ 24. Ka1 Rf8 25. Nb3 Nxd3 26. Qxd3 Qxb2# 0-1